000 01056nam a2200277 i 4500
001 182655
003 ES-MaACL
005 20250902225549.0
008 131008s2008 sp | |||||||| | spa d
020 _a978-84-936669-6-5
080 _a929 Jiménez, Juan Ramón
080 _a821.134.2 Jiménez, Juan Ramón 1.07
100 1 _aGullón, Ricardo,
_d1908-1991
_960938
245 1 0 _aConversaciones con Juan Ramón Jiménez /
_cRicardo Gullón ; prefacio de Pedro Lastra.
260 _aSevilla :
_bSibilina :
_bFundación BBVA,
_c[2008]
300 _a152 p. ;
_c21 cm.
490 1 _aBiblioteca Sibila-Fundación BBVA de poesía en español
500 _aÍndice.
600 1 4 _aJiménez, Juan Ramón,
_d1881-1958
_966417
700 1 _aLastra, Pedro.
_9150088
830 0 _aBiblioteca Sibila-Fundación BBVA de poesía en español
_9191809
852 _aES-MaACL
_jA-12811
_9189572
_bR.149023
_cDEPO1
_dOlim: N-5811
_xDonación: Fundación BBVA
914 _aFundación BBVA
_ednr
_94230
942 _2udc
_cMONOGRAFIA
999 _c182655
_d182655